000 00436nam a22001457a 4500
003 SGT
082 _a617.84
_bC22K
100 _aKASHISH
245 _aCOMPARISION OF THE EFFECTS OF OTAGO EXERCISE PROGRAMME AND PILATES BASED EXERCISE TO MINIMIZE RISK OF FALL IN OLDER ADULTS WOMEN RURAL POPULATIONS OF HARYANA
260 _aGURUGRAM
_bSGT UNIVERSITY
_c2022
300 _a124
650 _aNEUROLOGY
653 _aMPT
942 _2ddc
_cTH
999 _c32175
_d32175